A Comparative study of Hevea clones PB 260 and Yun Yan 77-4 for chilling tolerance (Record no. 53295)

MARC details
000 -LEADER
fixed length control field 00774nam a2200241Ia 4500
100 ## - MAIN ENTRY--AUTHOR NAME
Personal name Mai Jing
245 #2 - TITLE STATEMENT
Title A Comparative study of Hevea clones PB 260 and Yun Yan 77-4 for chilling tolerance
260 ## - PUBLICATION, DISTRIBUTION, ETC. (IMPRINT)
Name of publisher IRRDB Natural Rubber Conference 2008, 13-15 October 2008, Kuala Lumpur, Malaysia: Abstract of papers
500 ## - GENERAL NOTE
General note Source Year: 2008
650 ## - SUBJECT ADDED ENTRY--TOPICAL TERM
Topical Term Chlorophyll fluorescence
650 ## - SUBJECT ADDED ENTRY--TOPICAL TERM
Topical Term Cold
650 ## - SUBJECT ADDED ENTRY--TOPICAL TERM
Topical Term Net photosynthesis
650 ## - SUBJECT ADDED ENTRY--TOPICAL TERM
Topical Term No photochemical quenching
650 ## - SUBJECT ADDED ENTRY--TOPICAL TERM
Topical Term Stomatal conductance
700 ## - ADDED ENTRY--PERSONAL NAME
Personal name Ameglio Thierry
700 ## - ADDED ENTRY--PERSONAL NAME
Personal name Cavaloc Eric
700 ## - ADDED ENTRY--PERSONAL NAME
Personal name Herbette Stephane
700 ## - ADDED ENTRY--PERSONAL NAME
Personal name Julien Jean-Louis
700 ## - ADDED ENTRY--PERSONAL NAME
Personal name Roeckel-Drevet Patricia
856 ## - ELECTRONIC LOCATION AND ACCESS
Uniform Resource Identifier Abst only
942 ## - ADDED ENTRY ELEMENTS (KOHA)
Koha item type Journals
Holdings
Withdrawn status Lost status Damaged status Not for loan Home library Current library Shelving location Date acquired Koha item type
      Journals RRII Library RRII Library Plant physiology 27/01/2009 Journals